ბათუმის შოთა რუსთაველის სახელმწიფო უნივერსიტეტის ბიბლიოთეკა

Искусство древнего мира : (ბიბ.ჩანაწერი № 60798)

000 -LEADER
fixed length control field 00568nam a22001577a 4500
005 - DATE AND TIME OF LATEST TRANSACTION
control field 20231024093617.0
008 - FIXED-LENGTH DATA ELEMENTS--GENERAL INFORMATION
fixed length control field 231024s1980 ru ||||| |||| 00| 0 rus d
041 ## - LANGUAGE CODE
Language code of text/sound track or separate title rus
080 ## - UNIVERSAL DECIMAL CLASSIFICATION NUMBER
Universal Decimal Classification number 7.032 Л-93
100 ## - MAIN ENTRY--PERSONAL NAME
Personal name Любимов, Л.
9 (RLIN) 20197
245 ## - TITLE STATEMENT
Title Искусство древнего мира :
Remainder of title Книга для чтения /
Statement of responsibility, etc. Л. Любимов.
264 ## - PRODUCTION, PUBLICATION, DISTRIBUTION, MANUFACTURE, AND COPYRIGHT NOTICE
Place of production, publication, distribution, manufacture М.:
Name of producer, publisher, distributor, manufacturer Просвещение,
Date of production, publication, distribution, manufacture, or copyright notice 1980.
300 ## - PHYSICAL DESCRIPTION
Extent 320 стр.:
Other physical details ил.;
Dimensions 22 см.
653 ## - INDEX TERM--UNCONTROLLED
keyword უძველესი სამყაროს ხელოვნება
942 ## - ADDED ENTRY ELEMENTS (KOHA)
Source of classification or shelving scheme
Koha item type წიგნი
ეგზემპლარები
Withdrawn status Lost status Source of classification or shelving scheme Damaged status Not for loan Permanent Location Current Location Shelving location Date acquired Cost, normal purchase price Full call number Barcode Date last seen Copy number Uniform Resource Identifier Price effective from Koha item type Public note
          ბათუმის შოთა რუსთაველის სახელმწიფო უნივერსიტეტის მთავარი ბიბლიოთეკა ბათუმის შოთა რუსთაველის სახელმწიფო უნივერსიტეტის მთავარი ბიბლიოთეკა წიგნსაცავი 2023-10-24 8.00 7.032 Л-93 65382 2023-10-24 65382 ბსუ-ს საპატიო დოქტორის გურამ ლორთქიფანიძის საჩუქარი 2023-10-24 წიგნი 8 ლ.